America and Europe: A Partnership for a New Era (RAND Studies in Policy Analysis) (Record no. 366964)

MARC details
000 -LEADER
fixed length control field 00657nam a2200205Ia 4500
008 - FIXED-LENGTH DATA ELEMENTS--GENERAL INFORMATION
fixed length control field 191130s1998##################000#0#eng##
020 ## - INTERNATIONAL STANDARD BOOK NUMBER
ISBN 9780521633673
082 ## - DEWEY DECIMAL CLASSIFICATION NUMBER
Classification number 337.7304 GOM
100 ## - MAIN ENTRY--AUTHOR NAME
Personal name Gompert, David C
245 ## - TITLE STATEMENT
Title America and Europe: A Partnership for a New Era (RAND Studies in Policy Analysis)
Statement of responsibility, etc David C. Gompert, F. Stephen Larrabee
260 ## - PUBLICATION, DISTRIBUTION, ETC. (IMPRINT)
Place of publication Cambridge
Name of publisher Cambridge University Press
Year of publication 1998
300 ## - PHYSICAL DESCRIPTION
Number of Pages xv, 276 p. ; 23 cm
500 ## - GENERAL NOTE
General note includes index
650 ## - SUBJECT ADDED ENTRY--TOPICAL TERM
Topical Term America and Europe
700 ## - ADDED ENTRY--PERSONAL NAME
Personal name Larrabee, F. Stephen
991 ## -
-- 158810
Holdings
Withdrawn status Lost status Damaged status Not for loan Home library Current library Shelving location Date acquired Full call number Accession Number Price effective from Koha item type
        Anna Centenary Library Anna Centenary Library 4TH FLOOR, A WING 17.10.2020 337.7304 GOM 104176 17.10.2020 English Books

Find us on the map